Bancroft's theory and practice of histological techniques / (رقم التسجيلة. 77240)
[ عرض عادي ]
| 000 -الفاتح | |
|---|---|
| حقل البيانات ثابتة الطول | 03220cam a2200361Ia 4500 |
| 001 - رقم الضبط | |
| رقم الضبط | 802294394 |
| 003 - محدد رقم الضبط | |
| رقم الضبط | OCoLC |
| 005 - وقت وتاريخ اخر تعامل مع التسجيلة | |
| رقم الضبط | 20190821154126.0 |
| 008 - عناصر البيانات ثابتة الطول - معلومات عامة | |
| حقل البيانات ثابتة الطول | 111130s2013 enka b 001 0 eng d |
| 015 ## - رقم الببليوجرافية الوطنية | |
| رقم الببليوجرافية الوطنية | GBB272333 |
| المصدر | bnb |
| 020 ## - الرقم الدولى المعيارى للكتب | |
| الرقم الدولى المعيارى للكتاب | 9780702068645 |
| 020 ## - الرقم الدولى المعيارى للكتب | |
| الرقم الدولى المعيارى للكتاب | 0702042269 (hbk.) |
| 035 ## - رقم ضبط النظام | |
| رقم ضبط النظام | .b34780075 |
| 035 ## - رقم ضبط النظام | |
| رقم ضبط النظام | (OCoLC)802294394 |
| رقم الضبط الملغى والمتاح | (OCoLC)808416836 |
| 040 ## - مصدر الفهرسة | |
| وكالة الفهرسة الأصلية | UKMGB |
| لغة الفهرسة | eng |
| وكالة النسخ | UKMGB |
| وكالة التعديل | OCLCO |
| -- | YDXCP |
| -- | YNK |
| -- | COU |
| -- | PAU |
| -- | BWX |
| -- | BTCTA |
| 050 #4 - رقم طلب مكتبة الكونجرس | |
| رقم التصنيف | QM556 |
| رقم المادة | .B36 2013 |
| 082 04 - رقم تصنيف ديوى العشرى | |
| رقم التصنيف | 616.07583 |
| رقم الطبعة | 23 |
| رقم المادة | BAT |
| 096 ## - رقم استدعاء المكتبة الطبية الوطنية المحلى | |
| رقم التصنيف | QS 525 |
| رقم المادة | T396 2013 |
| 245 00 - بيان العنوان | |
| العنوان | Bancroft's theory and practice of histological techniques / |
| بيان المسئوليه,etc | [edited by] S. Kim Suvarna, Christopher Layton, John D. Bancroft |
| 246 30 - العنوان الموازى | |
| عنوان صحيح/عنوان مختصر | Theory and practice of histological techniques |
| 250 ## - بيان الطبعة | |
| بيان الطبعة | 7th ed |
| 260 ## - PUBLICATION, DISTRIBUTION, ETC. (IMPRINT) | |
| مكان الناشر او الموزع | [Oxford] : |
| اسم الناشر او الموزع | Churchill Livingstone, |
| تاريخ النشر أو التوزيع | c2013 |
| 300 ## - الوصف المادى | |
| التعداد | xiv, 637 p. : |
| تفاصيل ماديه اخرى للوعاء | ill. (chiefly col.) ; |
| أبعاد الوعاء | 26 cm |
| 500 ## - تبصرة عامة | |
| تبصرة عامة | Previous ed.: 2008 |
| 504 ## - تبصرة ببليوجرافية | |
| تبصرة ببليوجرافية,الخ | Includes bibliographical references and index |
| 505 0# - تبصرة محتويات-الفهرس | |
| تبصرة المحتويات المصاغة | Managing the laboratory / Louise Dunk -- Safety and ergonomics in the laboratory / John D. Bancroft -- Light microscopy / John D. Bancroft and Alton D. Floyd -- Fixation of tissues / Anthony Rhodes -- The gross room/surgical cut-up / S. Kim Suvarna and Christopher Layton -- Tissue processing and microarray / Lena T. Spencer, John D. Bancroft, and Wanda Grace Jones -- Microtomy : paraffin and frozen / Lena T. Spencer and John D. Bancroft -- Plastic embedding for light microscopy / Neil M. Hand -- How histological stains work / Richard W. Horobin -- The hematoxylins and eosin / John D. Bancroft and Christopher Layton -- Connective and mesenchymal tissues with their stains / John D. Bancroft and Christopher Layton -- Carbohydrates / Christopher Layton and John D. Bancroft -- Pigments and minerals / Guy E. Orchard -- Amyloid / Janet A. Gilbertson and Toby Hunt -- Microorganisms / Jeanine H. Bartlett -- Bone / Diane L. Sterchi -- Techniques in neuropathology / J. Robin Highley and Nicky Sullivan -- Immunohistochemical techniques / Peter Jackson and David Blythe -- Immunofluorescent techniques / Graeme Wild -- Immunohistochemistry quality control / Tracy Sanderson and Gregory Zardin -- Molecular pathology / Diane L. Sterchi and Caroline Astbury -- Transmission electron microscopy / Anthony E. Woods and John W. Stirling -- Quantittive data from microscopic specimens / Alton D. Floyd -- Appendix I : classical histochemical methods / John D. Bancroft and Jennifer H. Stonard -- Appendix II : applications of immunohistochemistry / Laura J. Keeling and Sherin Jos Payyappilly -- Appendix III : measurement units / Jennifer H. Stonard -- Appendix IV : preparation of solutions / Danielle Maddocks -- Appendix V : buffer solutions / Paul Samuel -- Appendix VI : solubility of some common reagents and dyes / Stuart Inglut -- Appendix VII : mounting media and slide coatings / Ann Michelle Moon -- Appendix VIII : Molecular pathology reagents / Diane L. Sterchi |
| 650 #0 - المدخل الاضافى بالموضوع-مصطلح موضوعى | |
| مصطلح موضوعي أو اسم جغرافي كعنصر مدخل | Histology, Pathological |
| التقسيم الفرعي العام | Technique |
| 9 (RLIN) | 74722 |
| 650 12 - المدخل الاضافى بالموضوع-مصطلح موضوعى | |
| مصطلح موضوعي أو اسم جغرافي كعنصر مدخل | Histological Techniques |
| 9 (RLIN) | 74723 |
| 700 1# - المدخل الاضافى - اسم شخصى | |
| الإسم الشخصى | Suvarna, S. Kim |
| 9 (RLIN) | 74724 |
| 700 1# - المدخل الاضافى - اسم شخصى | |
| الإسم الشخصى | Layton, Christopher, |
| العنوان والكلمات الأخرى المصاحبة للاسم | PhD |
| 9 (RLIN) | 74725 |
| 700 1# - المدخل الاضافى - اسم شخصى | |
| الإسم الشخصى | Bancroft, John D |
| 9 (RLIN) | 74726 |
| 942 ## - عناصر المدخل الإضافي( كوها) | |
| مصدر التصنيف او مخطط الترفيف | Dewey Decimal Classification |
| Koha [default] item type | كتاب |
| حالة الفقد | نموذج السعر الفعال | حالة تلف | ليس للاعارة | رقم الطلب | تاريخ الاكتساب | الموقع الحالي | الباركود | الفرع الرئيسي | Date last seen | نوع المادة فى نظام كوها | مصدر التصنيف او خطة الترفيف | Total Checkouts | Date last checked out |
|---|---|---|---|---|---|---|---|---|---|---|---|---|---|
| 2019-08-21 | 616.07583 BAT | 2019-08-21 | المكتبة المركزية بالمجمعة (CL) | 00157755 | المكتبة المركزية بالمجمعة (CL) | 2019-08-21 | كتاب | Dewey Decimal Classification | |||||
| 2019-08-21 | 616.07583 BAT | 2019-08-21 | المكتبة المركزية بالمجمعة (CL) | 00157756 | المكتبة المركزية بالمجمعة (CL) | 2019-08-21 | كتاب | Dewey Decimal Classification | |||||
| 2019-08-21 | 616.07583 BAT | 2019-08-21 | المكتبة المركزية بالمجمعة (CL) | 00157757 | المكتبة المركزية بالمجمعة (CL) | 2024-11-27 | كتاب | Dewey Decimal Classification | 1 | 2024-10-30 | |||
| 2019-08-21 | 616.07583 BAT | 2019-08-21 | مكتبة كلية العلوم الطبية التطبيقية بالمجمعة - طالبات (AMF) | 00157758 | مكتبة كلية العلوم الطبية التطبيقية بالمجمعة - طالبات (AMF) | 2024-11-17 | كتاب | Dewey Decimal Classification | 7 | 2024-11-05 | |||
| 2019-08-21 | 616.07583 BAT | 2019-08-21 | مكتبة كلية العلوم الطبية التطبيقية بالمجمعة - طالبات (AMF) | 00157759 | مكتبة كلية العلوم الطبية التطبيقية بالمجمعة - طالبات (AMF) | 2024-04-29 | كتاب | Dewey Decimal Classification | 2 | 2024-04-24 |
